000 00653nam a2200229 4500
008 b xx# fre u
010 _a47916
020 _a2226087214
020 _a9782226087218
040 _aLB-BrCRDP
082 _a371.4/N335g
100 1 _aNazé, Yves
130 0 _lFR
245 1 0 _aLe guide de l'école
_cYves Nazé avec la collab. de Jean- Louis Duguet...[et autres]
260 _aParis
_bA. Michel
_c1997
300 _a383p.
_bill. ;
_c25cm.
500 _aIndex à la fin du livre.
650 _aOrientation scolaire.
700 1 0 _aDuguet, Jean-Louis, collab.
942 _cBK
999 _c11357
_d11357